Ozone photolysis: strong isotopologue/isotopomer selectivity in the stratosphere

We calculated the photolysis rate coefficients of five ozone isotopologues/isotopomers as functions of altitude up to 80 km using recent ab initio absorption cross sections and an averaged actinic flux. Three of the five ozone isotopologues/isotopomers are symmetric, with a single isotopic dissociat...

Full description

Saved in:
Bibliographic Details
Main Authors: Ndengué, Steve (Author) , Madronich, Sasha (Author) , Gatti, Fabien (Author) , Meyer, Hans-Dieter (Author) , Motapon, Ousmanou (Author) , Jost, Rémy (Author)
Format: Article (Journal)
Language:English
Published: 9 APR 2014
In: Journal of geophysical research. Atmospheres
Year: 2014, Volume: 119, Issue: 7, Pages: 4286-4302
ISSN:2169-8996
DOI:10.1002/2013JD020033
Online Access:Resolving-System, lizenzpflichtig, Volltext: https://doi.org/10.1002/2013JD020033
Verlag, lizenzpflichtig, Volltext: https://agupubs.onlinelibrary.wiley.com/doi/abs/10.1002/2013JD020033
Get full text
Author Notes:Steve Ndengué, Sasha Madronich, Fabien Gatti, Hans-Dieter Meyer, Ousmanou Motapon, and Rémy Jost

MARC

LEADER 00000caa a2200000 c 4500
001 1725863421
003 DE-627
005 20230428072939.0
007 cr uuu---uuuuu
008 200729s2014 xx |||||o 00| ||eng c
024 7 |a 10.1002/2013JD020033  |2 doi 
035 |a (DE-627)1725863421 
035 |a (DE-599)KXP1725863421 
035 |a (OCoLC)1341348749 
040 |a DE-627  |b ger  |c DE-627  |e rda 
041 |a eng 
084 |a 30  |2 sdnb 
100 1 |a Ndengué, Steve  |e VerfasserIn  |0 (DE-588)115654243X  |0 (DE-627)1019340401  |0 (DE-576)502237481  |4 aut 
245 1 0 |a Ozone photolysis  |b strong isotopologue/isotopomer selectivity in the stratosphere  |c Steve Ndengué, Sasha Madronich, Fabien Gatti, Hans-Dieter Meyer, Ousmanou Motapon, and Rémy Jost 
264 1 |c 9 APR 2014 
300 |a 17 
336 |a Text  |b txt  |2 rdacontent 
337 |a Computermedien  |b c  |2 rdamedia 
338 |a Online-Ressource  |b cr  |2 rdacarrier 
500 |a Gesehen am 29.07.2020 
520 |a We calculated the photolysis rate coefficients of five ozone isotopologues/isotopomers as functions of altitude up to 80 km using recent ab initio absorption cross sections and an averaged actinic flux. Three of the five ozone isotopologues/isotopomers are symmetric, with a single isotopic dissociation channel, and two are asymmetric with two isotopic dissociation channels. 
650 4 |a ozone fractionation 
650 4 |a ozone isotopologues 
650 4 |a ozone photolysis 
700 1 |a Madronich, Sasha  |e VerfasserIn  |4 aut 
700 1 |a Gatti, Fabien  |e VerfasserIn  |4 aut 
700 1 |a Meyer, Hans-Dieter  |d 1947-  |e VerfasserIn  |0 (DE-588)1143535847  |0 (DE-627)1002742153  |0 (DE-576)495009997  |4 aut 
700 1 |a Motapon, Ousmanou  |e VerfasserIn  |4 aut 
700 1 |a Jost, Rémy  |e VerfasserIn  |4 aut 
773 0 8 |i Enthalten in  |t Journal of geophysical research. Atmospheres  |d Hoboken, NJ : Wiley, 2013  |g 119(2014), 7, Seite 4286-4302  |h Online-Ressource  |w (DE-627)1663201617  |w (DE-600)2969341-X  |w (DE-576)111315646  |x 2169-8996  |7 nnas  |a Ozone photolysis strong isotopologue/isotopomer selectivity in the stratosphere 
773 1 8 |g volume:119  |g year:2014  |g number:7  |g pages:4286-4302  |g extent:17  |a Ozone photolysis strong isotopologue/isotopomer selectivity in the stratosphere 
856 4 0 |u https://doi.org/10.1002/2013JD020033  |x Resolving-System  |x Verlag  |z lizenzpflichtig  |3 Volltext 
856 4 0 |u https://agupubs.onlinelibrary.wiley.com/doi/abs/10.1002/2013JD020033  |x Verlag  |z lizenzpflichtig  |3 Volltext 
951 |a AR 
992 |a 20200729 
993 |a Article 
994 |a 2014 
998 |g 1143535847  |a Meyer, Hans-Dieter  |m 1143535847:Meyer, Hans-Dieter  |d 120000  |e 120000PM1143535847  |k 0/120000/  |p 4 
999 |a KXP-PPN1725863421  |e 3731974193 
BIB |a Y 
SER |a journal 
JSO |a {"id":{"eki":["1725863421"],"doi":["10.1002/2013JD020033"]},"relHost":[{"language":["eng"],"disp":"Ozone photolysis strong isotopologue/isotopomer selectivity in the stratosphereJournal of geophysical research. Atmospheres","id":{"doi":["10.1002/(ISSN)2169-8996"],"eki":["1663201617"],"issn":["2169-8996"],"zdb":["2969341-X"]},"pubHistory":["Volume 118, issue 1 (16 January 2013)-"],"physDesc":[{"extent":"Online-Ressource"}],"type":{"bibl":"periodical","media":"Online-Ressource"},"corporate":[{"display":"American Geophysical Union","role":"isb"}],"title":[{"partname":"Atmospheres","title_sort":"Journal of geophysical research","title":"Journal of geophysical research"}],"titleAlt":[{"title":"JGR atmospheres"},{"title":"JGR"},{"title":"an AGU journal"}],"name":{"displayForm":["American Geophysical Union"]},"recId":"1663201617","note":["Gesehen am 20.06.25"],"origin":[{"publisher":"Wiley ; AGU Publications ; Wiley","publisherPlace":"Hoboken, NJ ; Hoboken, NJ","dateIssuedDisp":"[2013]-"}],"part":{"issue":"7","volume":"119","text":"119(2014), 7, Seite 4286-4302","year":"2014","extent":"17","pages":"4286-4302"}}],"language":["eng"],"origin":[{"dateIssuedKey":"2014","dateIssuedDisp":"9 APR 2014"}],"note":["Gesehen am 29.07.2020"],"title":[{"title_sort":"Ozone photolysis","subtitle":"strong isotopologue/isotopomer selectivity in the stratosphere","title":"Ozone photolysis"}],"type":{"bibl":"article-journal","media":"Online-Ressource"},"person":[{"display":"Ndengué, Steve","role":"aut","given":"Steve","family":"Ndengué"},{"family":"Madronich","display":"Madronich, Sasha","given":"Sasha","role":"aut"},{"family":"Gatti","role":"aut","given":"Fabien","display":"Gatti, Fabien"},{"display":"Meyer, Hans-Dieter","role":"aut","given":"Hans-Dieter","family":"Meyer"},{"role":"aut","given":"Ousmanou","display":"Motapon, Ousmanou","family":"Motapon"},{"family":"Jost","display":"Jost, Rémy","role":"aut","given":"Rémy"}],"physDesc":[{"extent":"17 S."}],"recId":"1725863421","name":{"displayForm":["Steve Ndengué, Sasha Madronich, Fabien Gatti, Hans-Dieter Meyer, Ousmanou Motapon, and Rémy Jost"]}} 
SRT |a NDENGUESTEOZONEPHOTO9201